000 00678cab a2200229 4500
001 X93275
008 090401t1998 xxu||||| |||| 00| 0 eng d
035 _a(Sirsi) u87840
041 _aeng
245 _aGibbs New PLC(1) v Graham Gemmel and Centric Pubs Ltd (2) and Graham Gemmel
260 _c1998
350 _a0
490 _aNew Property Cases
_v1998 NPC 124
520 _aCA 22 July 1998. Beer ties NB NO PHOTOCOPYING ALLOWED.
650 _aBEER TIES
650 _aGIBBS MEW PLC V GRAHAM GEMMEL
650 _aTIED HOUSES
650 _aTREATY OF ROME ART 85
690 _aLANDLORD AND TENANT-CASE LAW-BUSINESS TENANCIES
942 _n0
948 _c05/08/1998
999 _c55439
_d55439